| 000 | 00648ntaaa2200217 4500 | ||
|---|---|---|---|
| 003 | 01 | ||
| 005 | 20251027203200.0 | ||
| 008 | 0714s1973 ag 01 | ||
| 020 | _a9872244901 | ||
| 040 |
_aAR-BaBN _bspa _cAR-BaBN _eaacr _dRIC |
||
| 082 | _a262 D36m | ||
| 100 | _aDeiros, Pablo A. | ||
| 245 |
_aLa Iglesia del nuevo milenio : _buna eclesiología para el nuevo siglo / _cPablo A. Deiros |
||
| 260 |
_aBuenos Aires : _bCerteza, _c2006 |
||
| 300 |
_a255 p. ; _c23 cm. |
||
| 490 | _aFormación ministerial | ||
| 500 | _aContienen notas y referencias bibliográficas | ||
| 500 | _aBibliografía: p. 251-255 | ||
| 650 | _aECLESIOLOGIA | ||
| 942 | _cBK | ||
| 999 |
_c27295 _d27295 |
||